01339 a2200193 4500003000500000005001700005040000900022082001200031100003200043245005800075260005400133300002400187505069900211600003200910650004200942942002100984999001901005952012101024Nust20221222085324.0 cNust a330,KHA aAbdul Haleem Khawja9105584 aIntermediate economics Part-1 / cAbdul Haleem Khawja aKhawja & Khawja Publishing HousebIslamabadc2003 a263 pbillusc24 cm aNature And Scope Of Economics (Page-1), Basic Terms And Concepts In Economics (Page-21), Consumption (Page-31), Demand (Page-44), Elasticity Of Demand (Page-52), Supply (Page-65), Equilibrium Of Demand And Supply (Page-75), Equilibrium Of Demand And Supply (Page-96), Production And Factors Of Production (Page-103), Scale Of Production And Laws Of Returns (Page-121), Market (Page-139), Firms Product, Cost And Revenues (Page-149), Equilibrium Of Firm And Industry (Page-160), The Theory Of Distribution (Page-170), Wages (Page-179), Rent (Page-192), Interest (Page-199), Profit (Page-207), Some Concepts Of Statistics (Page-211), Objective Questions (Page-219), Examination Papers (Page-260). aAbdul Haleem Khawja9105584 aIntermediate economics Part-19105585 2ddccBKk330,KHA c184533d184533 00102ddc4070aMCSbMCScGENd2016-12-12o330,KHApMCS30547r2016-12-08w2016-12-12yBKzAlmirah No.50, Shelf No.2